STN EN 14227-1: 2005 (73 6184) [neplatná], Hydraulicky stmelené zmesi. Špecifikácie Časť 1 Cementom stmelené zmesi pre podkladové vrstvy

Norma je slovenskou verziou EN 14227-1: 2004

Podrobná bibliografia
Korporatívny autor: Slovenská technická univerzita v Bratislave. Stavebná fakulta. Katedra dopravných stavieb (Prekladateľ)
Ďalší autori: Gschwendt, Ivan, 1934- (Prekladateľ)
Médium: Kniha
Jazyk:slovenčina
angličtina
Fyzický popis:32 s. grafy, tab. 30 cm
Vydavateľské údaje: Bratislava Slovenský ústav technickej normalizácie 2005

MARC

LEADER 00000nam a2200000 a 4500
001 vtls008293943
003 SK-MaSNL
005 20260301220007.0
008 130117s2005 xo a f u 000 0 slo
015 |a SNBN2013 
040 |a SNK  |b slo  |c SNK  |e AACR2 
041 1 |a slo  |h eng 
046 |a s  |m 200508 (účin.) 
084 |a 93.080.20  |2 ICS 
130 0 |a STN 73 6184 (STN EN 14227-1) [neplatná]  |9 606533 
245 1 0 |a STN EN 14227-1: 2005 (73 6184) [neplatná], Hydraulicky stmelené zmesi. Špecifikácie  |n Časť 1  |p Cementom stmelené zmesi pre podkladové vrstvy 
246 1 0 |a Hydraulicky stmelené zmesi 
246 1 0 |a Špecifikácie 
246 1 0 |a Cementom stmelené zmesi pre podkladové vrstvy 
260 |a Bratislava  |b Slovenský ústav technickej normalizácie  |c 2005 
300 |a 32 s.  |b grafy, tab.  |c 30 cm 
500 |a Spracovateľ: Slovenská technická univerzita Bratislava, Ivan Gschwendt 
500 |a Norma je nahradená normou STN EN 14227-1 z novembra 2013 v celom rozsahu 
500 |a Táto norma spolu s STN 73 6124-2 z marca 2013 a európskymi normami STN EN 14227-2, STN EN 14227-3, STN EN 14227-5 z októbra 2005 a STN 73 6124-1 z novembra 2011 nahrádza STN 73 6124 z apríla 1996 v celom rozsahu 
505 |a Od 1.8.2005 nahrádza anglickú verziu STN EN 14227-1 z januára 2005 v celom rozsahu a mení STN 73 6124 a STN 73 6125 z apríla 1996 
520 |a Norma je slovenskou verziou EN 14227-1: 2004 
700 1 |a Gschwendt, Ivan,  |d 1934-  |4 trl  |9 111966 
710 2 |a Slovenská technická univerzita v Bratislave.  |b Stavebná fakulta.  |b Katedra dopravných stavieb  |4 trl  |9 179812 
774 1 8 |t STN EN 14227-1: 2013  |d Bratislava : Slovenský ústav technickej normlaizácie, 2013  |w vtls010556810 
958 |a OP 
999 |c 930231  |d 932161 
952 |a SNK  |b SNK  |y PREZ  |7 0  |p 17A0480824  |o snkSTN EN 14227-1  |i snk2005/14048  |8 0  |0 0  |1 0  |4 0  |d 2005-08-10  |l 0  |r 2026-02-24 08:46:02  |w 2026-02-24 
952 |a SNK  |b SNK  |y PREZ  |7 0  |p 17A0480825  |o snkSTN EN 14227-1 D1  |i snk2005/14049  |8 0  |0 0  |1 0  |4 0  |d 2005-08-10  |l 0  |r 2026-02-24 08:46:02  |w 2026-02-24